Central Library OPAC University of Rajshahi

Sights and spectacles, 1937-1956 / (Record no. 16341)

MARC details
000 -LEADER
fixed length control field 00735cam a22002411 4500
001 - CONTROL NUMBER
control field 16341
003 - CONTROL NUMBER IDENTIFIER
rucl marc code BD-RjUL
005 - DATE AND TIME OF LATEST TRANSACTION
control field 20211209000010.0
008 - FIXED-LENGTH DATA ELEMENTS--GENERAL INFORMATION
fixed length control field 140213r19371956nyu 001 0 eng d
035 ## - SYSTEM CONTROL NUMBER
System control number (BD-RjUL)16396
040 ## - CATALOGING SOURCE
Original cataloging agency DLC
Transcribing agency DLC
Modifying agency DLC
-- BD-RjUL
Language of cataloging eng
041 ## - LANGUAGE CODE
Language code of text/sound track or separate title eng
082 00 - DEWEY DECIMAL CLASSIFICATION NUMBER
Classification number 792.0973
Author mark and year MCS 1956
100 1# - MAIN ENTRY--PERSONAL NAME
Personal name McCarthy, Mary,
Dates associated with a name 1912-1989.
9 (RLIN) 50521
245 10 - TITLE STATEMENT
Title Sights and spectacles, 1937-1956 /
Statement of responsibility, etc. Mary McCarthy,
260 ## - PUBLICATION, DISTRIBUTION, ETC. (IMPRINT)
Place of publication, distribution, etc. New York :
Name of publisher, distributor, etc. Farrar, Straus and Cudahy,
Date of publication, distribution, etc. c1937[printed 1956]
300 ## - PHYSICAL DESCRIPTION
Pagination xvi, 183 p. :
Size 21 cm.
650 #0 - SUBJECT ADDED ENTRY--TOPICAL TERM
Topical term or geographic name as entry element Theater
Geographic subdivision New York (State)
-- New York.
9 (RLIN) 50522
Topical term or geographic name as entry element Drama
General subdivision History and criticism.
9 (RLIN) 50523
942 ## - ADDED ENTRY ELEMENTS (KOHA)
Source of classification or shelving scheme Dewey Decimal Classification
Koha item type Books
Holdings
Lost status Source of classification or shelving scheme Damaged status Not for loan Collection code Permanent Location Current Location Shelving location Date acquired Source of acquisition Total Checkouts Full call number Date last seen Copy number Koha item type
  Dewey Decimal Classification   Not For Loan Non-fiction Central Library, University of Rajshahi Central Library, University of Rajshahi Reading Room 02/06/1965 Zeit   792.0973 MCS 1956 13/02/2014 C-1 Books